000 00377nam a2200133Ia 4500
008 100328s9999 xx 000 0 und d
082 _b11090
100 _aदेशमुख माधव गोपाळ-संपा.
245 _aनवे पान
260 _bसुविचार
630 _aनवे पान
730 _aनवे पान
942 _cBOOK
999 _c506425
_d506422